000 01283nam a22002177a 4500
999 _c57174
_d57174
003 Ge_BSU
005 20191218104621.0
008 191218s2013 ge ||||| |||| 00| 0 geo d
020 _a9789941198786
041 _ageo
080 _a271.22-9(479.22) ძ-48
245 _aძველი საქართველო :
_bნაწ. 2. ღირსი გრიგოლ ხანძთელი და სამხრეთ საქართველო ის, რაც დავკარგეთ /
_cპროექტის რედ. თ. მამაცაშვილი; შემდგ. კ. კენკიშვილი.
264 _aთბილისი :
_bგამომცემლობა პალიტრა L,
_c2013.
300 _a199 გვ. ;
_b20 სმ.
490 _aყველა წმინდანი, რომლის შესახეაც უნდა იცოდე :
_vწ.13 .
_x2298-0547
653 _aრელიგია
653 _aსაქართველოს წმინდანები
700 _aმამაცაშვილი, თ.
_eპროექტის რედაქტორი
_94410
700 _aკენკიშვილი, კ.
_eშემდგენელი
_95852
942 _2udc
_cBK